टेकाडे भाऊजी (Record no. 1253982)

MARC details
000 -LEADER
fixed length control field 00612nam a2200193Ia 4500
008 - FIXED-LENGTH DATA ELEMENTS--GENERAL INFORMATION
fixed length control field 151121s9999||||xx |||||||||||||| ||und||
082 ## - DEWEY DECIMAL CLASSIFICATION NUMBER
Classification number 812/ काळे
082 ## - DEWEY DECIMAL CLASSIFICATION NUMBER
Item number HNW-72522
100 ## - MAIN ENTRY--PERSONAL NAME
Personal name काळे व। पु।
245 ## - TITLE STATEMENT
Title टेकाडे भाऊजी
260 ## - PUBLICATION, DISTRIBUTION, ETC. (IMPRINT)
Name of publisher, distributor, etc "वसुंधरा प्रकाशन, अहमदनगर ।"
260 ## - PUBLICATION, DISTRIBUTION, ETC. (IMPRINT)
Date of publication, distribution, etc --
300 ## - PHYSICAL DESCRIPTION
Extent 181
600 ## - SUBJECT ADDED ENTRY--PERSONAL NAME
Personal name काळे व। पु।
630 ## - SUBJECT ADDED ENTRY--UNIFORM TITLE
Uniform title टेकाडे भाऊजी
700 ## - ADDED ENTRY--PERSONAL NAME
Personal name काळे व। पु।
730 ## - ADDED ENTRY--UNIFORM TITLE
Uniform title टेकाडे भाऊजी
942 ## - ADDED ENTRY ELEMENTS (KOHA)
Koha item type Book
Holdings
Withdrawn status Lost status Damaged status Not for loan Home library Current library Date acquired Cost, normal purchase price Total Checkouts Full call number Barcode Date last seen Cost, replacement price Price effective from Koha item type
        Hirachand Nemchand Wachanalaya, Solapur Hirachand Nemchand Wachanalaya, Solapur 11/21/2015 150.00   HNW-72522 HNW-72522 11/21/2015 150.00 11/21/2015 Book